000 00641nam a2200181Ia 4500
008 100921s9999 xx 000 0 und d
082 _b18633
_a808.068 थ 82
100 _aगोडबोले ल.रा.
245 _aसौंदर्याचा सोस.
260 _bराजेंद्र प्रकाशन, पुणे.
_c1982
300 _a46
_b---
365 _b4
520 _aललित-बालवाङ्रमय.
630 _aसौंदर्याचा सोस.
650 _aललित-बालवाङ्रमय.
730 _aसौंदर्याचा सोस.
942 _cBOOK
999 _c767746
_d767743